| 000 | 00526nam a22001937a 4500 | ||
|---|---|---|---|
| 003 | OSt | ||
| 005 | 20180116183054.0 | ||
| 008 | 160905b xxu||||| |||| 00| 0 eng d | ||
| 020 | _a9781560795834 | ||
| 040 | _c0 | ||
| 082 | _a650.076 SCH 1996 | ||
| 100 | _aNila Gandhi-Schwatlo | ||
| 245 |
_aGMAT Success _bPETERSON'S The Innovative Leader in College Guides _cNila Gandhi-Schwatlo |
||
| 250 | _a1997ed. | ||
| 260 |
_aNew Jersey _bPeterson's _c1996 |
||
| 300 |
_a299p. _bPB |
||
| 440 | _aGMAT Success | ||
| 942 |
_2ddc _cBK |
||
| 999 |
_c351768 _d351768 |
||